| 000 | 06447cam a22019574i 4500 | ||
|---|---|---|---|
| 003 | PE-LiUPU | ||
| 005 | 20250813165955.0 | ||
| 008 | 150709s2013 pe a r 001 0 spa d | ||
| 020 | _a6124118653 | ||
| 020 | _a9786124118654 | ||
| 035 | _a(Sirsi) i9786124118654 | ||
| 040 |
_aPE-LiUPU _bspa _cPE-LiUPU _dPE-LiUPU _erda |
||
| 049 | _aPRUA | ||
| 082 | 0 | 4 |
_a657.833 _bR21 |
| 100 | 1 |
_aRamírez Ramírez, Raúl, _eautor. |
|
| 245 | 1 | 0 |
_aContabilidad de empresas constructoras e inmobiliarias : _brégimen contable, laboral y tributario / _cRaúl Ramírez Ramírez. |
| 250 | _aPrimera edición. | ||
| 264 | 1 |
_a[Breña, Lima] : _bPacífico Editores, _c2013. |
|
| 300 |
_a662 páginas : _bilustraciones ; _c24 centímetros. |
||
| 336 |
_atext _2rdacontent |
||
| 337 |
_aunmediated _2rdamedia |
||
| 338 |
_avolume _2rdacarrier |
||
| 490 | 0 | _aActualidad empresarial | |
| 504 | _aÍndice Analítico: páginas 657-662. | ||
| 505 | 0 | _aParte I: contabilidad de empresas constructoras régimen contable, laboral y tributario -- Adecuación del nuevo plan contable general empresarial para el sector construcción e inmobiliria -- CIIU revisión -- Contabilidad de la empresa constructora -- Normativa en el sector construcción -- Plan contable empresarial -- Gráfica de la contabilización de los costos de obra -- Unidades de aplicación para ser utilizadas como centros de costos en la contabilidad de la construcción -- Informes de Sunat relacionados a la actividad de la construcción -- Pactos sindicales -- Régimen laboral del sector costrucción -- Parte II: contabilidad de empresas inmobiliarias régimen contable, laboral y tributario -- Contabilización en el sector inmobiliario -- Normativa en el sector inmobiliario -- Registro de contabilidad de costos -- Detracciones en el sector inmobiliario -- Monografías. | |
| 526 | _aP203 | ||
| 526 | _aP200 | ||
| 526 | _aSEG65 | ||
| 526 | _aSEG64 | ||
| 526 | _aSEG63 | ||
| 526 | _aSEG62 | ||
| 526 | _aSEG61 | ||
| 526 | _aSEG60 | ||
| 526 | _aSEG59 | ||
| 526 | _aSEG58 | ||
| 526 | _aSEG57 | ||
| 526 | _aSEG56 | ||
| 526 | _aSEG55 | ||
| 526 | _aSEG54 | ||
| 526 | _aSEG53 | ||
| 526 | _aSEG52 | ||
| 526 | _aSEG51 | ||
| 526 | _aSEG50 | ||
| 526 | _aSEG49 | ||
| 526 | _aSEG48 | ||
| 526 | _aSEG47 | ||
| 526 | _aSEG46 | ||
| 526 | _aSEG24 | ||
| 526 | _aSEG23 | ||
| 526 | _aSEG22 | ||
| 526 | _aSEG21 | ||
| 526 | _aSEG20 | ||
| 526 | _aSEG19 | ||
| 526 | _aSEG18 | ||
| 526 | _aSEG17 | ||
| 526 | _aSEG16 | ||
| 526 | _aSEG14 | ||
| 526 | _aSEG13 | ||
| 526 | _aSEG12 | ||
| 526 | _aSEG11 | ||
| 526 | _aSEG10 | ||
| 526 | _aSEG09 | ||
| 526 | _aSEG06 | ||
| 526 | _aSEG05 | ||
| 526 | _aSEG04 | ||
| 526 | _aSEG03 | ||
| 526 | _aSEG02 | ||
| 526 | _aSEG68 | ||
| 526 | _aSEG66 | ||
| 526 | _aSEG45 | ||
| 526 | _aSEG25 | ||
| 526 | _aSEG01 | ||
| 526 | _aP163 | ||
| 526 | _aP162 | ||
| 526 | _aP161 | ||
| 526 | _aP160 | ||
| 526 | _aP159 | ||
| 526 | _aP158 | ||
| 526 | _aP157 | ||
| 526 | _aP156 | ||
| 526 | _aP155 | ||
| 526 | _aP154 | ||
| 526 | _aP153 | ||
| 526 | _aP152 | ||
| 526 | _aP151 | ||
| 526 | _aP150 | ||
| 526 | _aP149 | ||
| 526 | _aP142 | ||
| 526 | _aP141 | ||
| 526 | _aP140 | ||
| 526 | _aP139 | ||
| 526 | _aP138 | ||
| 526 | _aP137 | ||
| 526 | _aP132 | ||
| 526 | _aP131 | ||
| 526 | _aP130 | ||
| 526 | _aP126 | ||
| 526 | _aP125 | ||
| 526 | _aP124 | ||
| 526 | _aP123 | ||
| 526 | _aP115 | ||
| 526 | _aP122 | ||
| 526 | _aP121 | ||
| 526 | _aP116 | ||
| 526 | _a P114 | ||
| 526 | _aP112 | ||
| 526 | _aP111 | ||
| 526 | _aP104 | ||
| 526 | _aP103 | ||
| 526 | _aP102 | ||
| 526 | _aP101 | ||
| 526 | _aP100 | ||
| 526 | _aP96 | ||
| 526 | _aP95 | ||
| 526 | _aP93 | ||
| 526 | _aP92 | ||
| 526 | _aP91 | ||
| 526 | _aP88 | ||
| 526 | _aP83 | ||
| 526 | _aP82 | ||
| 526 | _aP79 | ||
| 526 | _aP78 | ||
| 526 | _aP75 | ||
| 526 | _aP74 | ||
| 526 | _aP71 | ||
| 526 | _aP69 | ||
| 526 | _a P51 | ||
| 526 | _aP49 | ||
| 526 | _aP48 | ||
| 526 | _aP47 | ||
| 526 | _aP33 | ||
| 526 | _aP31 | ||
| 526 | _a P30 | ||
| 526 | _aP29 | ||
| 526 | _aP27 | ||
| 526 | _aP26 | ||
| 526 | _aP25 | ||
| 526 | _aP24 | ||
| 526 | _a P22 | ||
| 526 | _aP10 | ||
| 526 | _aP09 | ||
| 526 | _a P08 | ||
| 526 | _aP06 | ||
| 526 | _aP05 | ||
| 526 | _aP04 | ||
| 526 | _aP01 | ||
| 541 | _g001-00645; | ||
| 541 | _g001-00645; | ||
| 541 | _g001-0039190; | ||
| 650 | 4 | _aContabilidad de costos. | |
| 650 | 4 |
_aEmpresas constructoras _xContabilidad. |
|
| 650 | 4 |
_aEmpresas inmobiliarias _xContabilidad. |
|
| 910 |
_aaas _bjck _caas _d20150709 |
||
| 942 |
_2ddc _cBOOK |
||
| 949 |
_a657.833 R21 _wDEWEY _c1 _i71581 _d2015-10-21 _e2015-10-16 _lCCODEBUL1 _mBUL _n3 _p37.85 _r0 _sY _tBOOK _u2015-7-9 _xFCE _0COMPRA _o.STAFF. Colección General |
||
| 949 |
_a657.833 R21 _wDEWEY _c1 _i74417 _d2016-9-26 _e2016-9-26 _lCCODEBUL1 _mBUL _n1 _r0 _sY _tBOOK _u2016-9-12 _xFCE _PP08 _0COMPRA _o.STAFF. Coleccción Ciencias Empresariales |
||
| 949 |
_a657.833 R21 _wDEWEY _c1 _i74418 _lCCODEBUL1 _mBUL _p35.51 _r0 _sY _tBOOK _u2016-9-12 _xFCE _PP08 _0COMPRA _o.STAFF. Colección Ciencias Empresariales |
||
| 949 |
_a657.833 R21 _wDEWEY _c2 _i70840 _d2016-6-26 _e2016-6-23 _lCCODEBUL1 _mBUL _n11 _p37.85 _r0 _sY _tBOOK _u2015-10-7 _xFCE _PP08 _0COMPRA _o.STAFF. Colección Ciencias Empresariales |
||
| 994 |
_aC0 _bPEPRU |
||
| 596 | _a1 | ||
| 999 |
_a657.833 R21 _wDEWEY _c56349 _i71581 _d56349 _e2019-3-12 _f2021-11-5 _g5 _lCCODEBUL1 _mBUL _n4 _p37.85 _r0 _sY _tBOOK _u2015-7-9 _xFCE _PP08 _0COMPRA _o.STAFF. Colección General |
||
| 999 |
_a657.833 R21 _wDEWEY _c2 _i70840 _d2016-6-26 _e2016-6-23 _f2021-11-5 _g5 _lCCODEBUL1 _mBUL _n11 _p37.85 _r0 _sY _tBOOK _u2015-10-7 _xFCE _zP08 _0COMPRA _o.STAFF. Colección Ciencias Empresariales |
||
| 999 |
_a657.833 R21 _wDEWEY _c1 _i74417 _d2018-10-5 _e2016-9-26 _f2021-11-5 _g5 _lCCODEBUL1 _mBUL _n1 _p35.51 _q2 _r0 _sY _tBOOK _u2016-9-12 _xFCE _zP08 _0COMPRA _o.STAFF. Coleccción Ciencias Empresariales |
||
| 999 |
_a657.833 R21 _wDEWEY _c1 _i74418 _f2021-11-5 _g5 _lCCODEBUL1 _mBUL _p35.51 _r0 _sY _tBOOK _u2016-9-12 _xFCE _zP08 _0COMPRA _o.STAFF. Colección Ciencias Empresariales |
||
| 980 |
_81 _gALBERTO SANCHEZ Responsable de Automatización |
||